Statistiques concernant Quizzz: Coupes du Monde de Football (Joueurs)

Cliquez ici pour prendre le quiz!

Statistiques générales

  • Ce quiz a été pris 391 fois
  • Le résultat moyen est 11 sur 20

Statistiques - réponses

Réponse% Correct
Zinédine Zidane
87%
Ronaldo
85%
Luis Suarez
83%
Mario Götze
79%
Just Fontaine
77%
Ferenc Puskas
75%
Johan Cruyff
72%
Eusebio
71%
Laurent Blanc
67%
Harald Schumacher
57%
Giuseppe Meazza
54%
Roger Milla
52%
Franz Beckenbauer
47%
Luis Fernandez
39%
Lucien Laurent
28%
Josip Skoblar
23%
Bernard Lacombe
19%
Leônidas
17%
Salvatore "Toto" Schillaci
16%
Alcides Ghiggia
6%

Distribution des résultats

Percentile par nombre de réponses

% des personnes avec chaque résultat

Votre développement - résultats

Vous n’avez pas pris ce quiz